| 000 | 005040000a22001690004500 | ||
|---|---|---|---|
| 003 | MACL | ||
| 005 | 20160108123251.0 | ||
| 008 | 160108b xxu||||| |||| 00| 0 eng d | ||
| 040 |
_aMACL _cMACL |
||
| 041 | _aEnglish | ||
| 082 | _a917/RIC | ||
| 100 |
_aRichards, John Morgan _929575 |
||
| 245 |
_aWith John Bull and Jonathan _bReminiscences of Sixty Year of an American's Life in England and in The US |
||
| 260 |
_bT. Werner Laurie _c1905 _aLondon |
||
| 650 |
_aTravel _929576 |
||
| 942 |
_cBK _k917/RIC _2ddc |
||
| 999 |
_c37575 _d37575 |
||